Estadísticas de area cultivada, rendimiento, producción y exportación de granos; totales del país; /
Guardado en:
| Autor Principal: | |
|---|---|
| Formato: | Libro |
| Publicado: |
Buenos Aires :
,
1975
|
| Materias: | |
| Etiquetas: |
Agregar Etiqueta
Sin Etiquetas, Sea el primero en etiquetar este registro!
|
| LEADER | 00690nam a22001695a 4500 | ||
|---|---|---|---|
| 001 | CEM.cems015698 | ||
| 005 | 20100405160649.0 | ||
| 008 | 130507s1975##################000#0#####d | ||
| 003 | CEMS | ||
| 082 | 0 | 4 | |a 333 |
| 100 | 1 | |a Argentina Secretaria de Estado de Agricultura y Ganadería Junta Nacional de Granos | |
| 245 | 1 | 0 | |a Estadísticas de area cultivada, rendimiento, producción y exportación de granos; totales del país; / |c Argentina Secretaria de Estado de Agricultura y Ganadería Junta Nacional de Granos, |
| 260 | |a Buenos Aires : |b , |c 1975 | ||
| 300 | |a 40 p. | ||
| 653 | |a Agricultura argentina | ||
| 653 | |a Granos-estadísticas | ||
| 859 | |a CEMS |b BIB. CEMS - Agricultura |h 333 |i Ar37 |p A13005.84 |t Ej.1 | ||
